[Event "GER-chT U20"]
[Site "Braunschweig"]
[Date "2019.12.28"]
[Round "3.4"]
[White "Kololli, Martin"]
[Black "Vuckovic, Zarko"]
[Result "1-0"]
[WhiteElo "2343"]
[BlackElo "2258"]
[PlyCount "87"]
[EventDate "2019.12.27"]
[EventType "team-swiss"]
[EventRounds "7"]
[EventCountry "GER"]
[SourceTitle "CBM 194 Extra"]
[Source "ChessBase"]
[SourceDate "2020.03.31"]
[SourceVersion "1"]
[SourceVersionDate "2020.03.31"]
[SourceQuality "1"]
[WhiteTeam "Luebeck"]
[BlackTeam "Augsburg"]
[WhiteTeamCountry "GER"]
[BlackTeamCountry "GER"]

1. e4 c5 2. c3 d5 3. exd5 Qxd5 4. d4 g6 5. Nf3 Bg7 6. Be3 cxd4 7. cxd4 Qd8 8. Nc3 Nh6 9. Bc4 0-0 10. 0-0 Nf5 11. Qe2 b6 12. Rfe1 Bb7 13. Rad1 Nd7 14. Bg5 Nf6 15. Ne5 a6 16. a4 Nd6 17. Bd3 Nd5 18. Ng4 Qd7 19. Ne5 Qe6 20. Qf1 Nxc3 21. bxc3 Qd5 22. Bxe7 Rfe8 23. Bxd6 Qxd6 24. f4 f6 25. Bc4+ Kf8 26. Ba2 Rac8 27. c4 Rc7 28. c5 bxc5 29. Qc4 Bd5 30. dxc5 Qe6 31. Rxd5 fxe5 32. fxe5 Bh6 33. Qd4 Kg7 34. Bc4 Kh8 35. Rd6 Qe7 36. Re6 Qd8 37. Rd6 Qe7 38. Qd5 Qh4 39. Re4 Qg5 40. Re1 Qh4 41. g3 Qg5 42. c6 Rce7 43. Rd7 Bg7 44. c7 1-0

[Event "GER-chT Lands U20"]
[Site "Wuerzburg"]
[Date "2019.10.03"]
[Round "3.5"]
[White "Weihrauch, Jakob"]
[Black "Vuckovic, Zarko"]
[Result "0-1"]
[WhiteElo "2167"]
[BlackElo "2250"]
[PlyCount "32"]
[EventDate "2019.10.01"]
[EventType "team-swiss"]
[EventRounds "7"]
[EventCountry "GER"]
[SourceTitle "EXT 2020"]
[Source "ChessBase"]
[SourceDate "2019.10.17"]
[SourceVersion "1"]
[SourceVersionDate "2019.10.17"]
[SourceQuality "1"]
[WhiteTeam "Hamburg/Schleswig Holstein"]
[BlackTeam "Bayern"]
[WhiteTeamCountry "GER"]
[BlackTeamCountry "GER"]

1. e4 c5 2. Nf3 Nc6 3. d4 cxd4 4. Nxd4 Nf6 5. Nc3 e6 6. Ndb5 Bc5 7. Bf4 0-0 8. e5 a6 9. exf6 Qxf6 10. Bg3 axb5 11. Ne4 Qxb2 12. Nxc5 Qc3+ 13. Qd2 Qxa1+ 14. Ke2 Rxa2 15. Ke3 Qb1 16. Bc4 Ra3+ 0-1